Falcon of Spain (Record no. 1966)

MARC details
000 -LEADER
fixed length control field 00621nam a2200241 a 4500
020 ## - INTERNATIONAL STANDARD BOOK NUMBER
ISBN
082 00 - DEWEY DECIMAL CLASSIFICATION NUMBER
Classification number 923
Author Cutter IRV
100 ## - MAIN ENTRY--AUTHOR NAME
Author name Irving, T B
245 ## - TITLE STATEMENT
Title Falcon of Spain
Sub title Study of Eighth Century Spain, With Special Emphasis Upon
260 ## - PUBLICATION, DISTRIBUTION, ETC. (IMPRINT)
Place of publication Lahore
Name of publisher Sh. Muhammad Ashraf
Year of publication 1962
300 ## - PHYSICAL DESCRIPTION
Number of Pages 203p
500 ## - GENERAL NOTE
General note includes index and biblioraphy
505 2# - FORMATTED CONTENTS NOTE
Formatted contents note bibliography
650 ## - SUBJECT ADDED ENTRY--TOPICAL TERM
Topical Term Islam-History-Spain
942 ## - ADDED ENTRY ELEMENTS (KOHA)
Koha item type Books
700 1# -
-- Irving, T B
Holdings
Collection code Home library Current library Date acquired Cost, normal purchase price Full call number Accession Number Koha item type
  Henry Martyn Institute Library Henry Martyn Institute Library 05/24/2005 0.00 923 IRV 02181 Books
                   Copyright © 2026 | Henry Martyn Institute | Hyderabad | TS-500052 | INDIA | Implemented by hmi.edu.in
Hit-Count:

Powered by Koha